[Event "Aragon-chT Preferente B"]
[Site "Aragon"]
[Date "2013.03.16"]
[Round "8.64"]
[White "Correas Marcen, Jose Maria"]
[Black "Hernandez Montoro, Irene"]
[Result "1/2-1/2"]
[WhiteElo "2079"]
[BlackElo "1579"]
[PlyCount "73"]
[EventDate "2013.01.26"]
[EventType "team"]
[EventRounds "9"]
[EventCountry "ESP"]
[SourceTitle "EXT 2014"]
[Source "ChessBase"]
[SourceDate "2013.11.20"]
[SourceVersion "1"]
[SourceVersionDate "2013.11.20"]
[SourceQuality "1"]
[WhiteTeam "El Olivar II"]
[BlackTeam "IberCaja III"]
[WhiteTeamCountry "ESP"]
[BlackTeamCountry "ESP"]

1. Nf3 c5 2. g3 d6 3. Bg2 Nc6 4. 0-0 Nf6 5. d4 cxd4 6. Nxd4 Bd7 7. Nxc6 Bxc6 8. Bxc6+ bxc6 9. Nc3 g6 10. Bg5 Bg7 11. e4 Qa5 12. Qd2 0-0 13. Rfd1 Rab8 14. Rab1 Rfe8 15. f3 Nd7 16. Kg2 Rxb2 17. Ne2 Qxd2 18. Bxd2 Reb8 19. Rbc1 Rxa2 20. Bg5 Kf8 21. Nd4 Rbb2 22. Nxc6 Rxc2+ 23. Kg1 Rg2+ 24. Kf1 Rxh2 25. Bxe7+ Kg8 26. Kg1 Bh6 27. f4 Rhg2+ 28. Kh1 Rxg3 29. Bxd6 Rh3+ 30. Kg1 Rg3+ 31. Kh1 Rh3+ 32. Kg1 g5 33. Nb4 Rg3+ 34. Kh1 Rh3+ 35. Kg1 Rg3+ 36. Kh1 Rh3+ 37. Kg1 1/2-1/2

[Event "ESP-ch U12"]
[Site "Linares"]
[Date "2007.07.11"]
[Round "6"]
[White "Hernandez Montoro, Irene"]
[Black "Aranaz Murillo, Amalia"]
[Result "0-1"]
[WhiteElo "1397"]
[BlackElo "1744"]
[PlyCount "94"]
[EventDate "2007.07.08"]
[EventType "swiss"]
[EventRounds "9"]
[EventCountry "ESP"]
[SourceTitle "EXT 2008"]
[Source "ChessBase"]
[SourceDate "2007.11.25"]
[SourceVersion "1"]
[SourceVersionDate "2007.11.25"]
[SourceQuality "1"]

1. e4 c6 2. d4 d5 3. Nc3 dxe4 4. Nxe4 Bf5 5. Ng3 Bg6 6. h4 h6 7. Nf3 e6 8. Ne5 Bh7 9. Bd3 Bxd3 10. Qxd3 Nd7 11. f4 Ngf6 12. Bd2 c5 13. 0-0-0 Be7 14. Ne4 0-0 15. g4 Nxe5 16. Nxf6+ Bxf6 17. dxe5 Qxd3 18. cxd3 Be7 19. f5 Rfd8 20. f6 Bf8 21. h5 Rxd3 22. Rhg1 Rd4 23. Bc3 Rad8 24. Rd2 Rxd2 25. Bxd2 Rd5 26. Bc3 b5 27. b3 a6 28. g5 gxf6 29. gxh6+ Kh7 30. exf6 Rxh5 31. Rd1 Rd5 32. Rh1 Bxh6+ 33. Bd2 Rxd2 34. Rxh6+ Kxh6 35. Kxd2 Kg6 36. Kc3 Kxf6 37. a4 Ke5 38. axb5 axb5 39. b4 cxb4+ 40. Kxb4 f5 41. Kxb5 f4 42. Kc4 Ke4 43. Kc3 Ke3 44. Kc2 Ke2 45. Kc3 f3 46. Kd4 f2 47. Ke5 f1Q 0-1